[Event "Iberoamerican-ch 10th"]
[Site "Linares"]
[Date "2024.09.27"]
[Round "5"]
[White "Labiano Hernandez, Juan"]
[Black "Noboa Silva, Kevin Omar"]
[Result "1/2-1/2"]
[WhiteElo "2398"]
[BlackElo "2270"]
[PlyCount "110"]
[EventDate "2024.09.25"]
[EventType "swiss"]
[EventRounds "9"]
[EventCountry "ESP"]
[SourceTitle "EXT 2025"]
[Source "ChessBase"]
[SourceDate "2024.10.14"]
[SourceVersion "1"]
[SourceVersionDate "2024.10.14"]
[SourceQuality "1"]

1. e4 e6 2. d4 d5 3. Nc3 dxe4 4. Nxe4 Nd7 5. Bd3 Ngf6 6. Qe2 c5 7. Nxf6+ Nxf6 8. dxc5 Bxc5 9. Nf3 0-0 10. Bg5 Qa5+ 11. c3 Be7 12. 0-0 Rd8 13. Ne5 Qc7 14. Rad1 h6 15. Bf4 Bd6 16. Bg3 b6 17. Bc4 Nd5 18. Bxd5 exd5 19. Rfe1 Be6 20. Nf3 Bxg3 21. hxg3 d4 22. Rxd4 Bxa2 23. Qe7 Qxe7 24. Rxe7 Bd5 25. Ne5 a5 26. Rd7 Rxd7 27. Nxd7 Be6 28. Nxb6 Rb8 29. Rd6 Rb7 30. Kf1 Kf8 31. Ke2 Ke7 32. Rc6 Bd7 33. Nd5+ Kd8 34. Rb6 Bb5+ 35. Ke3 Rxb6 36. Nxb6 Bf1 37. f3 Kc7 38. Nd5+ Kd6 39. Nf4 g5 40. Ne2 Bxg2 41. g4 f5 42. gxf5 Ke5 43. Ng3 Bh3 44. f6 Kxf6 45. f4 Be6 46. Ne4+ Kf5 47. fxg5 hxg5 48. Nc5 Bd5 49. b4 axb4 50. cxb4 g4 51. Kf2 Kf4 52. Nd3+ Ke4 53. Kg3 Kxd3 54. Kxg4 Kc4 55. b5 Kxb5 1/2-1/2

[Event "Olympiad-45"]
[Site "Budapest"]
[Date "2024.09.19"]
[Round "8.2"]
[White "Noboa Silva, Kevin Omar"]
[Black "Notha, Moakofi"]
[Result "1-0"]
[WhiteElo "2270"]
[BlackElo "1996"]
[PlyCount "55"]
[EventDate "2024.09.11"]
[EventType "team-swiss"]
[EventRounds "11"]
[EventCountry "HUN"]
[SourceTitle "EXT 2025"]
[Source "ChessBase"]
[SourceDate "2024.10.14"]
[SourceVersion "1"]
[SourceVersionDate "2024.10.14"]
[SourceQuality "1"]
[WhiteTeam "Ecuador"]
[BlackTeam "Botswana"]
[WhiteTeamCountry "ECU"]
[BlackTeamCountry "BOT"]

1. d4 d5 2. c4 c6 3. Nf3 e6 4. g3 f5 5. Bg2 Nf6 6. Bf4 Nbd7 7. 0-0 Be7 8. Qc2 Ne4 9. Nc3 0-0 10. Ne5 Bf6 11. Rad1 Qe7 12. h4 g6 13. f3 Nxc3 14. bxc3 Bxe5 15. dxe5 Qc5+ 16. Kh2 dxc4 17. Bh6 Re8 18. f4 Nb6 19. e4 Kf7 20. Rd4 fxe4 21. Qxe4 Qa3 22. g4 Rg8 23. f5 gxf5 24. gxf5 Qxc3 25. Bg5 Nd5 26. fxe6+ Ke8 27. Rxd5 Rxg5 28. Rf8+ 1-0

[Event "Barcelona IM 09"]
[Site "Barcelona"]
[Date "2024.09.06"]
[Round "7"]
[White "Serrano Batova, Vicent"]
[Black "Noboa Silva, Kevin Omar"]
[Result "0-1"]
[WhiteElo "2241"]
[BlackElo "2270"]
[PlyCount "112"]
[EventDate "2024.09.03"]
[EventType "tourn"]
[EventRounds "9"]
[EventCountry "ESP"]
[SourceTitle "EXT 2025"]
[Source "ChessBase"]
[SourceDate "2024.10.14"]
[SourceVersion "1"]
[SourceVersionDate "2024.10.14"]
[SourceQuality "1"]

1. d4 Nf6 2. Nf3 e6 3. e3 c5 4. Bd3 b6 5. e4 d5 6. e5 Nfd7 7. c3 Ba6 8. Bxa6 Nxa6 9. 0-0 Be7 10. Ne1 b5 11. f4 0-0 12. Nd2 b4 13. Ndf3 bxc3 14. bxc3 Nb6 15. g4 Nc4 16. f5 cxd4 17. cxd4 f6 18. exf6 Rxf6 19. Ng5 Nc7 20. Qd3 exf5 21. Rxf5 Rxf5 22. Qxf5 Bxg5 23. Bxg5 Qc8 24. Qxc8+ Rxc8 25. Bh4 Ne6 26. Bf2 Rb8 27. Nd3 Ng5 28. Bg3 Re8 29. Be5 Ne3 30. h4 Nf7 31. g5 Nf5 32. g6 hxg6 33. Rc1 Nxh4 34. Kf2 Nf5 35. Rc5 Nxe5 36. Nxe5 Nxd4 37. Rxd5 g5 38. Rxd4 Rxe5 39. Ra4 a5 40. Kf3 Rf5+ 41. Kg3 Kh7 42. Ra3 Kg6 43. Ra4 Kh5 44. Kh3 g4+ 45. Kg3 Rc5 46. Ra3 Rd5 47. Ra4 Rf5 48. Rc4 Rf3+ 49. Kg2 Ra3 50. Rc2 Kh4 51. Rd2 a4 52. Rc2 Rg3+ 53. Kh2 Rd3 54. Kg2 a3 55. Kg1 Rd1+ 56. Kh2 Rb1 0-1

[Event "Barcelona IM 09"]
[Site "Barcelona"]
[Date "2024.09.05"]
[Round "5"]
[White "Heredia Serrano, Carla Sofia"]
[Black "Noboa Silva, Kevin Omar"]
[Result "0-1"]
[WhiteElo "2087"]
[BlackElo "2270"]
[PlyCount "248"]
[EventDate "2024.09.03"]
[EventType "tourn"]
[EventRounds "9"]
[EventCountry "ESP"]
[SourceTitle "EXT 2025"]
[Source "ChessBase"]
[SourceDate "2024.10.14"]
[SourceVersion "1"]
[SourceVersionDate "2024.10.14"]
[SourceQuality "1"]

1. e4 c5 2. Nf3 e6 3. c3 d5 4. exd5 exd5 5. Bb5+ Nc6 6. d4 Bd6 7. dxc5 Bxc5 8. 0-0 Nf6 9. Bg5 Be6 10. Nbd2 h6 11. Bh4 0-0 12. Nb3 Bb6 13. Nbd4 Bd7 14. Ba4 Re8 15. Bc2 Bg4 16. Qd2 Qd6 17. Bg3 Qf8 18. Nxc6 Bxf3 19. Nd4 Be4 20. Ba4 Red8 21. Rfe1 Rac8 22. Rac1 a6 23. Bh4 g5 24. Bg3 Bg6 25. f3 Nh5 26. Bf2 Qd6 27. g3 Ng7 28. Re2 Qf6 29. Kg2 g4 30. fxg4 Be4+ 31. Kg1 Qg6 32. Rf1 h5 33. g5 Rd6 34. Be3 Rf8 35. Ref2 f5 36. Bf4 Rdd8 37. Be3 Rd6 38. Ne2 Bxe3 39. Qxe3 Ne6 40. h4 Rfd8 41. Bb3 Kh7 42. Rd1 Qg7 43. Nd4 Nxd4 44. Qxd4 Qxd4 45. Rxd4 Kg6 46. Kf1 b5 47. Ke1 Re6 48. Kd2 Re5 49. a4 Rb8 50. a5 Rc8 51. Bc2 Rc4 52. Rxc4 bxc4 53. Ba4 d4 54. cxd4 Rxa5 55. Be8+ Kg7 56. Bxh5 Rb5 57. Kc3 Rb3+ 58. Kxc4 Rxg3 59. b4 Rh3 60. Rf4 Rh2 61. Bd1 Rd2 62. Ba4 Rg2 63. Bd7 Kg6 64. Be8+ Kg7 65. Bd7 Kg6 66. Kc5 Rc2+ 67. Kd6 Ra2 68. Ke5 Re2 69. Be8+ Kg7 70. Bh5 Bf3+ 71. Kxf5 Bxh5 72. Rf1 Bg6+ 73. Kg4 Rg2+ 74. Kh3 Rd2 75. Ra1 Rd3+ 76. Kg2 Rxd4 77. Rxa6 Rxh4 78. Ra7+ Bf7 79. b5 Rb4 80. Ra5 Be8 81. Kg3 Bxb5 82. Ra8 Bd3 83. Ra5 Kg6 84. Ra7 Bf5 85. Kf3 Kxg5 86. Ke3 Be6 87. Ra5+ Kf6 88. Rc5 Bf5 89. Ra5 Re4+ 90. Kd2 Kg5 91. Kc3 Kf4 92. Rc5 Re2 93. Ra5 Ke4 94. Ra7 Re3+ 95. Kb4 Kd4 96. Rf7 Be4 97. Rf4 Re1 98. Rh4 Rb1+ 99. Ka4 Rb8 100. Rg4 Ke5 101. Rh4 Bc2+ 102. Ka3 Kd5 103. Rf4 Bd3 104. Rh4 Bc4 105. Rh3 Kc5 106. Rh5+ Bd5 107. Rg5 Rb3+ 108. Ka4 Rb1 109. Ka3 Rb3+ 110. Ka4 Rb2 111. Rg3 Ra2+ 112. Ra3 Rb2 113. Rh3 Bf7 114. Rf3 Be6 115. Rc3+ Bc4 116. Rh3 Rb7 117. Ka3 Ra7+ 118. Kb2 Ra2+ 119. Kc1 Kd4 120. Kd1 Bd3 121. Rh6 Kc3 122. Rc6+ Bc4 123. Ke1 Re2+ 124. Kd1 Rf2 0-1

[Event "Barcelona Sants op playoff 25th"]
[Site "Barcelona"]
[Date "2024.09.01"]
[Round "1.2"]
[White "Noboa Silva, Kevin Omar"]
[Black "Quesada Perez, Luis Ernesto"]
[Result "0-1"]
[WhiteElo "2270"]
[BlackElo "2578"]
[PlyCount "58"]
[EventDate "2024.09.01"]
[EventType "k.o. (blitz)"]
[EventRounds "3"]
[EventCountry "ESP"]
[SourceTitle "CBM 221 Extra"]
[Source "ChessBase"]
[SourceDate "2024.09.30"]
[SourceVersion "1"]
[SourceVersionDate "2024.09.30"]
[SourceQuality "1"]

1. d4 d5 2. c4 e6 3. Nc3 Nf6 4. cxd5 exd5 5. Bg5 Be7 6. e3 0-0 7. Bd3 h6 8. Bh4 c6 9. Nge2 b5 10. 0-0 Nbd7 11. a4 b4 12. Nb1 c5 13. dxc5 Nxc5 14. Nd4 Bd7 15. Bb5 Nfe4 16. Bxe7 Qxe7 17. Nd2 Rac8 18. Nxe4 Nxe4 19. Nb3 Be6 20. Qd4 Qg5 21. Rfc1 Qh4 22. g3 Qh5 23. Bd3 Ng5 24. Nd2 Nh3+ 25. Kf1 Nxf2 26. Kxf2 Qxh2+ 27. Ke1 Qxg3+ 28. Kd1 Bg4+ 29. Be2 Qg1+ 0-1

[Event "Barcelona Sants op playoff 25th"]
[Site "Barcelona"]
[Date "2024.09.01"]
[Round "1.1"]
[White "Quesada Perez, Luis Ernesto"]
[Black "Noboa Silva, Kevin Omar"]
[Result "1-0"]
[WhiteElo "2578"]
[BlackElo "2270"]
[PlyCount "97"]
[EventDate "2024.09.01"]
[EventType "k.o. (blitz)"]
[EventRounds "3"]
[EventCountry "ESP"]
[SourceTitle "CBM 221 Extra"]
[Source "ChessBase"]
[SourceDate "2024.09.30"]
[SourceVersion "1"]
[SourceVersionDate "2024.09.30"]
[SourceQuality "1"]

1. d4 Nf6 2. c4 e6 3. Nf3 d5 4. Nc3 c6 5. e3 Nbd7 6. Qc2 Bd6 7. b3 Qe7 8. Bb2 0-0 9. Be2 Re8 10. 0-0 e5 11. dxe5 Nxe5 12. cxd5 cxd5 13. Nb5 Bb8 14. Bxe5 Bxe5 15. Nxe5 Qxe5 16. Qc7 Bg4 17. Qxe5 Rxe5 18. Bxg4 Nxg4 19. Rac1 Re7 20. Nc7 Rd8 21. Nxd5 Red7 22. Nf4 h6 23. h3 Ne5 24. Rc2 Rd2 25. Rfc1 g5 26. Nh5 Kh7 27. g4 R2d6 28. Kg2 Ng6 29. Rc7 Nh4+ 30. Kf1 Rd1+ 31. Rxd1 Rxd1+ 32. Ke2 Ra1 33. Rxf7+ Kg8 34. Rxb7 Rxa2+ 35. Kd3 a5 36. f4 gxf4 37. Nxf4 Nf3 38. Ke4 Ng5+ 39. Kf5 Rc2 40. Rb5 Nf7 41. Rxa5 Rc3 42. Kf6 Ng5 43. Ra8+ Kh7 44. Ra7+ Kg8 45. Rb7 Rxe3 46. h4 Ne4+ 47. Kg6 Kf8 48. Rb8+ Ke7 49. Nd5+ 1-0

[Event "American Continental 18th"]
[Site "Medellin"]
[Date "2024.05.31"]
[Round "10"]
[White "Noboa Silva, Kevin Omar"]
[Black "Diaz Rosas, Julio Cesar"]
[Result "1/2-1/2"]
[WhiteElo "2267"]
[BlackElo "2406"]
[PlyCount "168"]
[EventDate "2024.05.24"]
[EventType "swiss"]
[EventRounds "11"]
[EventCountry "COL"]
[SourceTitle "CBM 220 Extra"]
[Source "ChessBase"]
[SourceDate "2024.07.31"]
[SourceVersion "1"]
[SourceVersionDate "2024.07.31"]
[SourceQuality "1"]

1. d4 d5 2. c4 e6 3. Nc3 Nf6 4. cxd5 exd5 5. Bg5 c6 6. e3 h6 7. Bh4 Be7 8. Bd3 0-0 9. Nge2 Ne8 10. Bg3 Nd6 11. Qc2 Re8 12. 0-0 Bf8 13. b4 Nd7 14. b5 Nb6 15. bxc6 bxc6 16. Na4 Nxa4 17. Qxa4 Bd7 18. Qc2 Rc8 19. Rfc1 c5 20. dxc5 Ne4 21. Qb3 Rxc5 22. Rd1 Qa5 23. Bxe4 Rxe4 24. Rd4 Bb5 25. Rxe4 dxe4 26. Nd4 Bd3 27. h3 Qc3 28. Rd1 Qxb3 29. Nxb3 Rc8 30. Nc1 Bb1 31. a4 f6 32. Ne2 Bc2 33. Rd4 a5 34. Nf4 Rc6 35. Rd8 Kf7 36. Rd7+ Ke8 37. Ra7 Bb4 38. Nd5 Bd2 39. Rxg7 Bxa4 40. Re7+ Kf8 41. Bf4 f5 42. Be5 Rg6 43. Ra7 Bb3 44. Nf6 Bb4 45. Rb7 Be6 46. h4 Be7 47. Nh7+ Ke8 48. h5 Rg4 49. Ra7 Bg8 50. Nf6+ Bxf6 51. Bxf6 Bf7 52. Rxa5 Bxh5 53. Rxf5 Bg6 54. Re5+ Kf7 55. Bd8 Bh7 56. Re7+ Kg8 57. Bb6 Rg7 58. Re5 Rg5 59. Re8+ Kf7 60. Rh8 Bg6 61. Rxh6 Rh5 62. Rxh5 Bxh5 63. Kh2 Ke6 64. Kg3 Kf5 65. Bc7 Be2 66. Bb8 Bd1 67. f3 Ba4 68. Kf2 exf3 69. Kxf3 Bd1+ 70. Kg3 Be2 71. Kh4 Bd1 72. Bf4 Be2 73. Kg3 Bd1 74. Kf2 Ke4 75. Bc7 Bh5 76. Bb6 Bd1 77. Ke1 Bh5 78. Kd2 Bg4 79. Bc7 Bc8 80. Bf4 Kf5 81. Kd3 Bb7 82. g3 Ba8 83. Kd4 Bb7 84. Bc7 Ba8 1/2-1/2

[Event "American Continental Blitz 18th"]
[Site "Medellin"]
[Date "2024.05.29"]
[Round "5"]
[White "Almeida Quintana, Omar"]
[Black "Noboa Silva, Kevin Omar"]
[Result "1-0"]
[WhiteElo "2514"]
[BlackElo "2267"]
[PlyCount "104"]
[EventDate "2024.05.29"]
[EventType "swiss (blitz)"]
[EventRounds "9"]
[EventCountry "COL"]
[SourceTitle "CBM 220 Extra"]
[Source "ChessBase"]
[SourceDate "2024.07.31"]
[SourceVersion "1"]
[SourceVersionDate "2024.07.31"]
[SourceQuality "1"]

1. d4 d5 2. Nf3 Nf6 3. c4 e6 4. Nc3 c6 5. Bg5 Nbd7 6. e3 Qa5 7. Nd2 dxc4 8. Bxf6 Nxf6 9. Nxc4 Qc7 10. g3 Be7 11. Bg2 0-0 12. 0-0 c5 13. Nb5 Qd7 14. Qb3 cxd4 15. Rfd1 Nd5 16. Rxd4 Bf6 17. Rd2 Qe7 18. Nbd6 b5 19. Qxb5 Bd7 20. Qa5 Rab8 21. Rc1 Nb4 22. Qxa7 Bc6 23. Qxe7 Bxe7 24. Bxc6 Nxc6 25. Ne4 Nb4 26. a3 Nd5 27. Nc3 Nf6 28. Rdc2 Ra8 29. Kf1 Rfb8 30. Ke2 h5 31. h3 g6 32. Ne5 Rb6 33. g4 hxg4 34. hxg4 Kg7 35. g5 Ne8 36. f4 Nd6 37. Kf3 Nf5 38. Rd1 Bd6 39. Nc4 Rc6 40. Ne4 Be7 41. Rdd2 Rac8 42. b3 Rh8 43. Nf2 Ra6 44. a4 Rb8 45. Rd3 Rc6 46. Na3 Rcb6 47. Nb5 Rh8 48. e4 Nh4+ 49. Kg4 f5+ 50. gxf6+ Kxf6 51. Rh3 Kf7 52. Rc7 Ra6 1-0

[Event "American Continental Blitz 18th"]
[Site "Medellin"]
[Date "2024.05.29"]
[Round "4"]
[White "Noboa Silva, Kevin Omar"]
[Black "Leiva Rodriguez, Jeammarco Giuseppe"]
[Result "1-0"]
[WhiteElo "2267"]
[BlackElo "2402"]
[PlyCount "163"]
[EventDate "2024.05.29"]
[EventType "swiss (blitz)"]
[EventRounds "9"]
[EventCountry "COL"]
[SourceTitle "CBM 220 Extra"]
[Source "ChessBase"]
[SourceDate "2024.07.31"]
[SourceVersion "1"]
[SourceVersionDate "2024.07.31"]
[SourceQuality "1"]

1. d4 Nf6 2. c4 e6 3. Nc3 Bb4 4. e3 0-0 5. Bd3 d5 6. a3 Bxc3+ 7. bxc3 dxc4 8. Bxc4 c5 9. Nf3 Qc7 10. Be2 Nc6 11. 0-0 Rd8 12. c4 cxd4 13. exd4 h6 14. Re1 b6 15. Bb2 Bb7 16. d5 Ne8 17. Rc1 Ne7 18. Be5 Qd7 19. dxe6 Qxe6 20. Qb3 Nf5 21. Bf1 Qg6 22. Bg3 Nxg3 23. hxg3 Qf6 24. c5 Bxf3 25. Qxf3 Rac8 26. cxb6 axb6 27. Qxf6 Nxf6 28. Rb1 Rd6 29. Rb3 Rcd8 30. Be2 Ne4 31. Bf3 Nc5 32. Rbe3 g6 33. Rb1 Kg7 34. Rc3 h5 35. Rc4 Nd3 36. Rc3 Nc5 37. Rc4 Nd3 38. Rc3 Ne5 39. Rcb3 Nc4 40. Rc3 Nd2 41. Re1 Rd3 42. Rxd3 Rxd3 43. Re3 Rxe3 44. fxe3 Nc4 45. a4 Nxe3 46. Kf2 Nc4 47. Ke2 Kf6 48. Bc6 Ke5 49. Be8 Nd6 50. Bc6 Kd4 51. Kf3 Ke5 52. g4 hxg4+ 53. Kxg4 Ne4 54. Kf3 Ng5+ 55. Ke3 Ne6 56. Be8 Ng5 57. Kd3 Kf4 58. Kc4 Ne4 59. Bc6 Nd6+ 60. Kd5 Nf5 61. Kc4 Ke5 62. Kb5 Kd6 63. Kxb6 Nd4 64. Be4 f5 65. Bd3 Nb3 66. Bc4 Nd2 67. Bf7 g5 68. a5 Ne4 69. a6 Nc5 70. a7 Nd7+ 71. Kb7 Nc5+ 72. Kb8 Na6+ 73. Kb7 Nc7 74. Bg6 f4 75. Bf5 f3 76. gxf3 Nd5 77. a8Q Ke5 78. Be4 Nf4 79. Qe8+ Kd4 80. Qh8+ Ke3 81. Qe5 Nh3 82. Bf5+ 1-0

[Event "American Continental 18th"]
[Site "Medellin"]
[Date "2024.05.25"]
[Round "2"]
[White "Noboa Silva, Kevin Omar"]
[Black "Martinez, Walter"]
[Result "1-0"]
[WhiteElo "2267"]
[BlackElo "1956"]
[PlyCount "95"]
[EventDate "2024.05.24"]
[EventType "swiss"]
[EventRounds "11"]
[EventCountry "COL"]
[SourceTitle "CBM 220 Extra"]
[Source "ChessBase"]
[SourceDate "2024.07.31"]
[SourceVersion "1"]
[SourceVersionDate "2024.07.31"]
[SourceQuality "1"]

1. d4 Nf6 2. c4 e6 3. Nc3 Bb4 4. a3 Bxc3+ 5. bxc3 c5 6. f3 d5 7. cxd5 Nxd5 8. dxc5 Qa5 9. e4 Nf6 10. Be3 Qxc3+ 11. Kf2 Nc6 12. Ne2 Qa5 13. Qb3 0-0 14. Nc3 Bd7 15. Be2 Ne5 16. Rhd1 Bc6 17. Qb4 Qc7 18. Rd6 Ng6 19. Nb5 Qb8 20. Nd4 a5 21. Qb6 Ba4 22. Bb5 Bxb5 23. Qxb5 Ne8 24. Rb6 Qxh2 25. Rxb7 Nh4 26. Qf1 e5 27. Nf5 Nxf5 28. exf5 Qh4+ 29. Kg1 Nf6 30. c6 Nh5 31. Bf2 Qf6 32. Qb5 e4 33. Qb2 Qxc6 34. Rc1 Qd5 35. Rb5 Qd3 36. fxe4 Qxe4 37. Re1 Qg4 38. Qe2 Qa4 39. Re5 Nf4 40. Qg4 h5 41. Qh4 Rac8 42. R5e4 Rc4 43. Qxf4 Rxe4 44. Qxe4 Qxa3 45. Qh4 g6 46. Qf6 Kh7 47. Bd4 Kh6 48. Rf1 1-0

[Event "Cuenca Crespi Memorial"]
[Site "Cuenca"]
[Date "2024.04.24"]
[Round "2"]
[White "Noboa Silva, Kevin Omar"]
[Black "Giler Moncayo, Boris Antonio"]
[Result "1/2-1/2"]
[WhiteElo "2305"]
[BlackElo "1821"]
[PlyCount "124"]
[EventDate "2024.04.24"]
[EventType "swiss"]
[EventRounds "9"]
[EventCountry "ECU"]
[SourceTitle "EXT 2025"]
[Source "ChessBase"]
[SourceDate "2024.10.14"]
[SourceVersion "1"]
[SourceVersionDate "2024.10.14"]
[SourceQuality "1"]

1. d4 g6 2. e4 Bg7 3. Nf3 d6 4. c3 Nf6 5. Bd3 0-0 6. 0-0 Nc6 7. h3 e5 8. Re1 a6 9. Na3 Nd7 10. Nc2 h6 11. b4 b6 12. Bb2 Bb7 13. Qd2 Kh7 14. Rad1 Re8 15. Bc4 Qe7 16. Ne3 Nf6 17. Nd5 Nxd5 18. Bxd5 Rab8 19. a3 b5 20. Rc1 Nd8 21. Bxb7 Rxb7 22. d5 f5 23. c4 Rf8 24. c5 Nf7 25. exf5 gxf5 26. Nd4 Ng5 27. cxd6 cxd6 28. Ne6 Nxe6 29. dxe6 Qxe6 30. Rc6 Rd7 31. Rxa6 Rg8 32. Rd1 Qb3 33. Bc1 Bf8 34. Qd5 Qxd5 35. Rxd5 f4 36. Rd2 d5 37. Rc2 Rg6 38. Rxg6 Kxg6 39. Kf1 d4 40. Rc8 Bd6 41. f3 Kf5 42. Bb2 Ke6 43. Ke2 Kd5 44. Rg8 Kc4 45. g3 fxg3 46. Rxg3 Kb3 47. Bc1 Kc2 48. Bxh6 e4 49. Rg2 e3 50. Bxe3 dxe3 51. Kxe3+ Kb3 52. Rg5 Rb7 53. Rd5 Bf8 54. Rd3+ Kc4 55. Kd2 Bh6+ 56. Kc2 Bg7 57. Rd8 Be5 58. Re8 Kd4 59. Rd8+ Kc4 60. Re8 Kd4 61. Rd8+ Kc4 62. Re8 Kd4 1/2-1/2

[Event "Iberoamerican-ch 9th"]
[Site "Panama City"]
[Date "2023.11.26"]
[Round "2"]
[White "Noboa Silva, Kevin Omar"]
[Black "Henriquez Villagra, Cristobal"]
[Result "0-1"]
[WhiteElo "2318"]
[BlackElo "2630"]
[PlyCount "78"]
[EventDate "2023.11.25"]
[EventType "swiss"]
[EventRounds "9"]
[EventCountry "PAN"]
[SourceTitle "CBM 217 Extra"]
[Source "ChessBase"]
[SourceDate "2024.01.31"]
[SourceVersion "1"]
[SourceVersionDate "2024.01.31"]
[SourceQuality "1"]

1. d4 Nf6 2. c4 g6 3. Nc3 Bg7 4. e4 d6 5. h3 Nbd7 6. Bd3 e5 7. d5 Nc5 8. Bc2 Nh5 9. b4 Nd7 10. Rb1 0-0 11. g3 a5 12. a3 Qe7 13. Be3 axb4 14. axb4 Nb6 15. Bb3 f5 16. c5 f4 17. gxf4 Nd7 18. f5 Nf4 19. fxg6 Ng2+ 20. Kd2 Nxe3 21. fxe3 hxg6 22. Nf3 Kh8 23. cxd6 Qxd6 24. Rf1 Bh6 25. Nh4 Rxf1 26. Qxf1 Nf8 27. Qf7 Bd7 28. Rf1 Bg5 29. Nf3 Bxe3+ 30. Kc2 Bh6 31. h4 Nh7 32. Nxe5 Qxe5 33. Qxd7 Qh2+ 34. Kd3 Qd2+ 35. Kc4 b5+ 36. Qxb5 Bg7 37. Kc5 Qxc3+ 38. Qc4 Qe3+ 39. Kc6 Qb6+ 0-1

[Event "Matanzas IM"]
[Site "Matanzas"]
[Date "2023.10.11"]
[Round "3"]
[White "Noboa Silva, Kevin Omar"]
[Black "Gomez Sanchez, Jorge Marcos"]
[Result "1/2-1/2"]
[WhiteElo "2278"]
[BlackElo "2309"]
[PlyCount "134"]
[EventDate "2023.10.10"]
[EventType "tourn"]
[EventRounds "9"]
[EventCountry "CUB"]
[EventCategory "4"]
[SourceTitle "EXT 2025"]
[Source "ChessBase"]
[SourceDate "2024.10.14"]
[SourceVersion "1"]
[SourceVersionDate "2024.10.14"]
[SourceQuality "1"]

1. d4 d5 2. c4 e6 3. Nf3 c5 4. cxd5 exd5 5. g3 Nc6 6. Bg2 c4 7. 0-0 Bb4 8. b3 cxb3 9. Qxb3 Nge7 10. Ba3 a5 11. Nc3 0-0 12. Rac1 b5 13. Nxb5 Ba6 14. Nc3 Bc4 15. Qa4 Qe8 16. Rfe1 Nxd4 17. Bxb4 Qxa4 18. Nxa4 axb4 19. Nb6 Nxe2+ 20. Rxe2 Bxe2 21. Nxa8 Rxa8 22. Nd4 Rxa2 23. Nxe2 Rxe2 24. Bxd5 g6 25. Bc4 Rb2 26. Kg2 b3 27. Rc3 Rc2 28. Bxf7+ Kxf7 29. Rxb3 g5 30. h3 Nd5 31. Rb5 Nc3 32. Rb7+ Ke6 33. Rc7 Kd6 34. Rxh7 Ne4 35. Rf7 Ke6 36. Rf3 Ra2 37. Kg1 Nf6 38. Re3+ Kf5 39. Rf3+ Kg6 40. Re3 Nd5 41. Rd3 Nb4 42. Rd6+ Kf5 43. Kg2 Ke5 44. Rd8 Nd5 45. Re8+ Kf5 46. Re1 Ra3 47. Re8 Nf6 48. Re2 Ne4 49. Rb2 Ke5 50. Rb5+ Kd4 51. Rf5 Ra2 52. Rf3 Nc3 53. Rf5 Nd1 54. Kg1 Ke4 55. Rf8 Nb2 56. Re8+ Kf5 57. Rf8+ Ke6 58. Rd8 Ra3 59. Re8+ Kf7 60. Re2 Nd3 61. Kg2 Ra1 62. Kf3 Ne1+ 63. Kg4 Kf6 64. h4 Ra4+ 65. f4 gxf4 66. Rxe1 fxg3+ 67. Kxg3 Kg6 1/2-1/2

[Event "Varadero Elite"]
[Site "Varadero"]
[Date "2023.10.03"]
[Round "1"]
[White "Noboa Silva, Kevin Omar"]
[Black "Sandoval Mercado, Carlos"]
[Result "1-0"]
[WhiteElo "2278"]
[BlackElo "2387"]
[PlyCount "89"]
[EventDate "2023.10.03"]
[EventType "tourn"]
[EventRounds "9"]
[EventCountry "CUB"]
[EventCategory "4"]
[SourceTitle "CBM 216 Extra"]
[Source "ChessBase"]
[SourceDate "2023.11.30"]
[SourceVersion "1"]
[SourceVersionDate "2023.11.30"]
[SourceQuality "1"]

1. d4 Nf6 2. c4 e6 3. Nc3 d5 4. cxd5 exd5 5. Bg5 c6 6. e3 h6 7. Bh4 Be7 8. Bd3 0-0 9. Nge2 Re8 10. Qc2 a5 11. 0-0 Na6 12. a3 Nc7 13. f3 c5 14. Bf2 c4 15. Bf5 b5 16. Ng3 Ba6 17. e4 dxe4 18. fxe4 b4 19. axb4 axb4 20. Nce2 Bf8 21. Rfe1 g6 22. Bh3 h5 23. e5 Nfd5 24. Ne4 Ne6 25. g3 Qc7 26. Bg2 Bb7 27. Qd2 Qb6 28. Rxa8 Rxa8 29. Rc1 Qb5 30. Bf1 Be7 31. Qc2 Rc8 32. Bg2 Bf8 33. h4 Qa6 34. Qd2 Kh7 35. Qd1 Qb6 36. Kh2 Qd8 37. Qf1 Kg8 38. Qh1 Ba6 39. Nd6 Bxd6 40. Bxd5 Bf8 41. Qe4 Qd7 42. Bxe6 Qxe6 43. d5 Qg4 44. Nf4 Bh6 45. e6 1-0